000 nam a22 7a 4500
999 _c329142
_d329142
003 ASAB
005 20170425113254.0
008 170425b xxu||||| |||| 00| 0 eng d
020 _a978-0-521-69621-0
040 _cASAB
082 _a579
245 _aGeneral microbiology
_cby Hans G. Schlegel
250 _aseventh edition
_bLow price Edition.
260 _aUK
_bCambridge University Press
_c2008
300 _a655 p
942 _2ddc
_cBK